000 00612nam a2200169 i 4500
001 142515
003 ES-MaACL
007 t|
008 071005s1936 sp ||||1| spa d
100 1 _aWittenbauer, F.
_9117181
245 1 0 _aProblemas de mecánica general y aplicada /
_cF. Wittenbauer ; sexta edición publicada bajo la dirección del Dr. Theodor Pöschl ; traducción del alemán por Roberto Dublang.
260 _aBarcelona :
_bLabor,
_c1936.
300 _a3 v. :
_bil. ;
_c22 cm.
700 1 _aPöschl, Theodor.
_993335
700 1 _aDublang, Roberto.
_945757
852 _aES-MaACL
_jB-9810-12
_bR.19436
999 _c142515
_d142515